LEADER 01179nam a2200265 a 4500 001 000000164334 003 CaOOAMICUS 005 20171123145252.0 008 171117s1969 sp 001 0 spa r 032 $aLibriCat 040 $aPUL$bita 100 1 $aOrtiz García, Alfonso.$0(OLS)http://pul/name/105652 245 13$aLa Inquisición autoriza la lectura de la Biblia en lengua vulgar / $cAlfonso Ortiz Garcia. 260 $aZaragoza :$b[s.n.],$c1969. 300 $a45 p. ; $c24 cm. 502 $aEstratto di Tesi. Universidad Pontificia de Salamanca. Facultad de Teología. 1969. 504 $aBibliografia in nota. 650 04$aInquisizione.$0(OLS)http://pul/subject/7046 710 2 $aUniversidad Pontificia de Salamanca.$bFacultad de Teologia.$kTesi.$0(OLS)http://pul/name/24951 850 $aPUL 852 $aPUL$W1$xDP1 Tesi Univ. Salamanca$y45$mTH UPSA 72$j188459$qTesi$B191625$CPULBib$Z2$F191625 $H31255 $82 941 1 $a16 996 $6245$aLa Inquisición autoriza la lectura de la Biblia en lengua vulgar / $9(OLS)http://pul/title/204018 996 $6260$aZaragoza :$b[s.n.]$9(OLS)http://pul/publisher/83457 LEADER 00987nam a2200265 u 4500 001 000000050954 003 CaOOAMICUS 005 20070226115301.0 008 000905s1968 fr u000 u fre u 035 $a10854631 040 $aPUL(R)$bita 100 1 $aDaniélou, Jean,$ccard.,$d1905-1974.$0(OLS)http://pul/name/858 245 12$aL'avenir de la religion /$cJean Danielou. 260 $aParis :$bFayard,$cc1968. 300 $a138 p. ;$c20 cm 490 1 $aSigne vert 650 4$aCatechismo.$0(OLS)http://pul/subject/1485 650 4$aTeologia.$0(OLS)http://pul/subject/118 830 0$aSigne vert.$0(OLS)http://pul/title/68535 850 $aPUL 852 $aPUL$W1$xDP1 Fondo Ciprotti$y59$m1535 F 20$j67554$nBK-PRI$b $qFondi$B67554$CPULBib$Z2$F67554 $H $81 941 1 $a1 961 $aINV: 915 F. Ciprotti 996 $6245$aL'avenir de la religion$9(OLS)http://pul/title/68534 996 $6260$aParis :$bFayard$9(OLS)http://pul/publisher/52106